000 00603nam a22002177a 4500
003 UA-OsUOA
001 42266
007 ta
008 20061031b un ||||| |||| 00| 0 ukr d
090 _a821.161.1
_bУ71
942 _cBK
040 _aUA-OsUOA
_brus
_cUA-OsUOA
_dUA-OsUOA
245 _aУроки литературы в 4 классе
_cКурдюмова Т. Ф.
300 _a280 с.
955 _a2
041 _arus
080 _a821.161.1
260 _aМ.
_bПросвещение
_c1970
650 7 _a82 Література. Літературознавство
_2UDC
999 _c328402
_d328402